| 000 | 00856nam a2200277 i 4500 | ||
|---|---|---|---|
| 003 | EG-GICUC | ||
| 005 | 20260427071800.0 | ||
| 008 | 260427s1913 uk ||||fr|||| 00| 0 eng d | ||
| 040 |
_aEG-GiCUC _beng _cEG-GiCUC _dEG-GiCUC _eRda |
||
| 082 | 0 | 4 |
_221 _a343.7 _bOP . R |
| 092 | 0 | 4 | _221 |
| 099 | _aLaw1 10 343.7 OP . R 1913 | ||
| 100 | 1 |
_aOppenheimer,Heinrich _eAuthor. |
|
| 245 | 1 | 0 |
_aThe Rationale of Punishment/ _cHeinrich Oppenheimer. |
| 264 | 1 |
_aLondon : _bUniversity of London Press, _c1913. |
|
| 300 |
_a327 page ; _c 24 cm. |
||
| 336 |
_2rda contenu _a texte |
||
| 337 |
_2rda medias _aOrdinateur |
||
| 338 |
_2 transporteur rda _a Ressource en ligne |
||
| 546 | _aText in English | ||
| 650 | 1 | _aCriminal Law | |
| 650 | 1 | _aPenology | |
| 856 | 4 | 0 | _uhttps://fll.law.cu.edu.eg/fulltext/bks/B10-11424.pdf |
| 905 | _a59 | ||
| 942 |
_2ddc _n0 _cBK _e21 |
||
| 999 |
_c73524 _d73524 |
||